000 00348nam a22001577a 4500
003 MACL
005 20151223133904.0
008 151223b xxu||||| |||| 00| 0 eng d
040 _cMACL
041 _aEnglish
082 _a823/KHA
100 _aKhair,Tabish
_922384
245 _aThe Thing About Thugs
650 _aNovel
_9153
942 _2ddc
_cBK
999 _c51648
_d51648